[Event "18th Izmir Open 2019"]
[Site "Izmir"]
[Date "2019.09.04"]
[Round "5.2"]
[White "Kamer, Kayra"]
[Black "Taspinar, Yanki"]
[Result "1-0"]
[WhiteElo "2304"]
[BlackElo "1970"]
[Annotator "TA"]
[PlyCount "69"]
[EventDate "2019.09.02"]
[EventType "swiss"]
[EventCountry "TUR"]
[SourceTitle "playchess.com"]
[Source "ChessBase"]
[SourceQuality "1"]

{[%evp 9,69,24,32,0,0,-10,-18,-40,-45,-43,-39,-33,-30,-39,-30,-41,50,43,105,96,84,86,108,105,89,39,87,72,81,58,62,-13,-15,-91,211,202,210,232,233,212,200,170,283,258,274,242,909,902,862,785,1461,1456,1425,1393,1281,722,1227,1151,1804,1822,1680,1716]} 1. g3 d5 2. Bg2 Nf6 3. d3 e6 4. Nd2 b5 (4... Be7 5. e4 c5 6. e5 Nfd7 7. f4 h5 8. c4 h4 9. Ne2 Nc6 10. O-O hxg3 11. hxg3 Nb6 12. b3 {1-0 (23) Petrosian,T (2592)-Petrosyan,M (2550) Yerevan 2017}) 5. e4 Bb7 6. Qe2 {A00: Irregular Openings} Be7 7. e5 Nfd7 8. h4 $146 {The position is equal.} ({Predecessor:} 8. f4 c5 9. Nh3 Nc6 10. Nf3 O-O 11. O-O Qb6 12. Kh1 {½-½ (34) Ljubic,J (2258)-Gehlert,K Salzburg 2003}) 8... c5 9. f4 Nc6 10. Ngf3 Qc7 11. c3 a5 12. O-O O-O-O (12... O-O $15) 13. d4 $14 c4 (13... Ba6 $14) 14. b3 $16 Nb6 15. bxc4 bxc4 16. a4 h6 17. Ba3 Na7 18. Bxe7 Qxe7 19. Rfb1 Kc7 20. Rxb6 ({White should try} 20. Nf1 $14 Bc6 21. Qc2) 20... Kxb6 $11 21. Nxc4+ Kc7 $2 {[%mdl 8192] [#]} (21... dxc4 $17 {keeps the pressure on.} 22. Rb1+ Kc7) 22. Nxa5 $18 Rb8 23. Nb3 Rhc8 24. Nc5 Kd8 25. Qd3 Bc6 (25... Rxc5 {was worth a try.} 26. dxc5 Qxc5+ 27. Nd4 Bc6) 26. Qh7 Qf8 27. f5 Ke7 $2 {[#]} (27... Bd7 28. Rf1 Rxc5 29. dxc5 Nc6 30. fxe6 Bxe6) 28. f6+ $1 {[%mdl 512] White is clearly winning.} gxf6 29. exf6+ Kd6 30. Ne5 Be8 31. Re1 Rxc5 32. dxc5+ Kxc5 33. Qd3 Nc6 34. Qe3+ Kd6 35. Qf4 {Accuracy: White = 64%, Black = 39%.} 1-0

[Event "18th Izmir Open 2019"]
[Site "Izmir"]
[Date "2019.09.04"]
[Round "5.3"]
[White "Unat, Can Haktan"]
[Black "Soysal, Serkan"]
[Result "0-1"]
[WhiteElo "2100"]
[BlackElo "2401"]
[Annotator "TA"]
[PlyCount "50"]
[EventDate "2019.09.02"]
[EventType "swiss"]
[EventCountry "TUR"]
[SourceTitle "playchess.com"]
[Source "ChessBase"]
[SourceQuality "1"]

{[%evp 15,66,10,21,11,0,-10,-1,-7,0,-16,-20,-29,-29,-39,-26,-20,0,0,0,-56,-62,-228,-227,-236,-239,-236,-235,-221,-227,-231,-215,-420,-427,-413,-396,-442,-434,-1272,-1241,-29977,-29978,-29979,-29980,-29980,-29981,-29992,-29993,-29993,-29993,-29995,-29996,-29996,-29997]} 1. d4 e6 2. e4 d5 3. Nd2 Be7 4. Ngf3 Nf6 5. Bd3 c5 6. exd5 exd5 7. dxc5 Bxc5 8. O-O O-O 9. Nb3 {C03: French Tarrasch: Unusual Black 3rd moves} Bb6 10. Bg5 h6 11. Bh4 {The position is equal.} Nc6 12. h3 g5 13. Bg3 Ne4 14. Bxe4 dxe4 15. Ne5 {[#]} Be6 $146 ({Predecessor:} 15... Qxd1 16. Rfxd1 Nxe5 17. Bxe5 {0-1 (50) Carnic,S (2361)-Antic,D (2504) Vrnjacka Banja 2010}) 16. Nxc6 bxc6 17. Be5 ({White should play} 17. Qh5 $11) 17... Re8 $36 {[%mdl 2048] Strongly threatening ...Bxb3. Black is pushing.} 18. Qh5 $2 (18. Qxd8 $15 Raxd8 19. Bf6) 18... Bxb3 $1 $19 {[%mdl 64] Discovered Attack} 19. Bc3 {aiming for Rad1.} Bxc2 20. Qxh6 {[%csl Gc3][%cal Rh6h8]} Bd4 21. Bxd4 Qxd4 22. Qxg5+ Qg7 23. Qc5 $2 (23. Qxg7+ Kxg7 24. Rfc1) 23... Bd3 24. Rfe1 Re6 25. b3 e3 {Played: Re6-g6} 0-1

[Event "18th Izmir Open 2019"]
[Site "Izmir"]
[Date "2019.09.04"]
[Round "5.4"]
[White "Yilmazyerli, Mert"]
[Black "Mohannad, Farhan"]
[Result "1/2-1/2"]
[WhiteElo "2417"]
[BlackElo "2094"]
[Annotator "TA"]
[PlyCount "45"]
[EventDate "2019.09.02"]
[EventType "swiss"]
[EventCountry "TUR"]
[SourceTitle "playchess.com"]
[Source "ChessBase"]
[SourceQuality "1"]

{[%evp 23,45,0,0,-7,0,0,0,-22,-22,-37,0,-37,-33,-33,42,45,50,50,60,61,62,-31,-37,-89]} 1. e4 e5 2. Nf3 Nc6 3. Nc3 Nf6 4. g3 d5 5. exd5 Nxd5 6. Bg2 Nxc3 7. bxc3 Bd6 8. O-O O-O 9. d3 Bg4 10. h3 Bh5 11. g4 Bg6 12. Ng5 Be7 13. Ne4 {C47: Scotch Four Knights and Four Knights with 4 g3} f5 14. gxf5 Bxf5 15. Kh2 {The position is equal.} (15. Rb1 Rb8 16. Be3 Qd7 17. Kh2 b6 18. c4 Nd4 19. Ng3 Bg6 20. Bd5+ Kh8 21. Bxd4 exd4 {0-1 (29) Ponomariov,R (2712)-Tomashevsky,E (2728) Huaian 2016}) 15... Qd7 16. Be3 {[#]} Bd6 $146 ({Predecessor:} 16... Rae8 17. Rg1 Kh8 18. a4 b6 19. Ng3 Be6 20. Be4 g6 {0-1 (67) Narciso Dublan,M (2515)-Illescas Cordoba,M (2602) Barcelona 2014}) 17. Rg1 Rae8 18. Qb1 Nd4 (18... Qc8 $15) 19. Nxd6 $14 Qxd6 20. Kh1 $1 ({Don't play} 20. Qxb7 Be6 $11) 20... Bd7 21. cxd4 exd4 22. Qxb7 ({White should play} 22. Bg5 $1 $14 Rxf2 23. Bh4 Rxg2 24. Rxg2) 22... dxe3 $15 23. Qd5+ {Accuracy: White = 40%, Black = 44%.} (23. fxe3 $15 Rxe3 24. Qd5+ Qxd5 25. Bxd5+ Be6 26. Bxe6+ Rxe6 27. Rg5) 1/2-1/2

[Event "18th Izmir Open 2019"]
[Site "Izmir"]
[Date "2019.09.04"]
[Round "5.5"]
[White "Eke, Salih"]
[Black "Guseynov, Alihan"]
[Result "0-1"]
[WhiteElo "2028"]
[BlackElo "2326"]
[Annotator "TA"]
[PlyCount "72"]
[EventDate "2019.09.02"]
[EventType "swiss"]
[EventCountry "TUR"]
[SourceTitle "playchess.com"]
[Source "ChessBase"]
[SourceQuality "1"]

{[%evp 21,72,47,54,40,48,62,66,74,78,0,0,-1,-9,-15,10,21,34,18,15,0,37,23,40,38,43,35,40,20,43,41,81,0,-2,-66,-69,-145,-162,-153,-152,-179,-182,-431,-429,-677,-680,-833,-832,-1076,-1073,-936,-1065,-1052,-1038]} 1. d4 g6 2. c4 Bg7 3. Nf3 c5 4. d5 d6 5. e4 Nf6 6. Nc3 O-O 7. h3 e6 8. Bd3 exd5 9. cxd5 a6 10. a4 Nbd7 11. O-O Re8 12. Bf4 {A70: Modern Benoni: 6 e4 g6 7 Nf3} Nh5 13. Bh2 Ne5 {[#]} 14. Bxe5 $146 {White is slightly better.} ({Predecessor:} 14. Be2 Nxf3+ 15. Bxf3 Nf6 16. Qd2 Nd7 17. Be2 Qe7 18. Rfe1 Bd4 19. Bf1 Qf6 20. Qf4 Qxf4 21. Bxf4 Ne5 22. Be3 Nd7 23. Bf4 Ne5 24. Be3 Nd7 {½-½ (24) Schandorff,L (2520)-Pantsulaia,L (2617) Heraklio 2007}) 14... dxe5 15. Bc2 (15. a5 $16) 15... b6 $11 16. Kh2 Nf4 17. Ne2 Qf6 (17... c4 {looks sharper.} 18. Re1 Qd6 19. b3 Qc5 20. Kg1 c3) 18. Nxf4 Qxf4+ 19. g3 Qf6 20. Qe2 Bd7 21. b3 b5 22. Bd3 Qb6 23. Nd2 f5 24. Rfc1 f4 25. g4 g5 26. f3 (26. Nf3 $16) 26... Bf8 27. Nb1 ({White should play} 27. Ra2 $11) 27... Rec8 $15 28. Nc3 {[#]} (28. Ra2 $15) 28... c4 $1 $17 {[%cal Rc4d3][%mdl 512]} 29. bxc4 bxc4 30. Bc2 Qd4 31. Bb1 $2 (31. Na2 {was worth a try.}) 31... Bb4 $19 {Black is clearly winning.} 32. Qe1 (32. Qb2 $142 Rab8 33. Nd1) 32... Rab8 33. Rc2 Ba5 34. Ba2 {[#]} Bxa4 $1 {[%mdl 512]} 35. Rac1 (35. Nxa4 Bxe1) 35... Bxc2 36. Rxc2 Bxc3 {Accuracy: White = 11%, Black = 72%.} 0-1

[Event "18th Izmir Open 2019"]
[Site "Izmir"]
[Date "2019.09.04"]
[Round "5.6"]
[White "Demir, Baran"]
[Black "Salman, Ilhan Serhat"]
[Result "0-1"]
[WhiteElo "1859"]
[BlackElo "2037"]
[Annotator "NA"]
[PlyCount "52"]
[EventDate "2019.09.02"]
[EventType "swiss"]
[EventCountry "TUR"]
[SourceTitle "playchess.com"]
[Source "ChessBase"]
[SourceQuality "1"]
[TimeControl "5400+30"]

1. c4 {[%emt 0:04:30]} g6 {[%emt 0:03:30]} 2. Nc3 {[%emt 0:00:30]} Bg7 {[%emt 0:00:30]} 3. g3 {[%emt 0:00:30]} Nf6 {[%emt 0:02:30]} 4. Bg2 {[%emt 0:01:30]} O-O {[%emt 0:00:30]} 5. e4 {[%emt 0:00:30]} d6 {[%emt 0:02:30]} 6. Nge2 {[%emt 0:00:30]} e5 {[%emt 0:00:30]} 7. d3 {[%emt 0:00:00]} Nc6 {[%emt 0:02:30]} 8. O-O {[%emt 0:00:00]} Nd7 {[%emt 0:16:30]} 9. Be3 {[%emt 0:01:30]} Nc5 {[%emt 0:02:30]} 10. d4 {[%emt 0:05:30]} exd4 {[%emt 0:00:00]} 11. Nxd4 {[%emt 0:00:30]} Ne5 {[%emt 0:04:00]} 12. b4 {[%emt 0:01:30]} Ne6 {[%emt 0:10:30]} 13. Nxe6 {[%emt 0:01:30]} Bxe6 {[%emt 0:00:00]} 14. c5 {[%emt 0:01:30]} Bc4 {[%emt 0:03:00]} 15. Nd5 {[%emt 0:28:30]} Bxf1 {[%emt 0:01:30]} 16. Qxf1 {[%emt 0:00:30]} Ng4 {[%emt 0:02:30]} 17. cxd6 {[%emt 0:07:30]} Nxe3 {[%emt 0:09:30]} 18. Nxe3 {[%emt 0:06:30]} Qxd6 {[%emt 0:15:30]} 19. b5 {[%emt 0:05:30]} Bxa1 {[%emt 0:02:04]} 20. Qxa1 {[%emt 0:00:00]} f6 {[%emt 0:00:16]} 21. Qc3 {[%emt 0:12:19]} Rad8 {[%emt 0:00:37]} 22. Nd5 {[%emt 0:01:01]} c6 {[%emt 0:00:39]} 23. bxc6 {[%emt 0:00:23]} bxc6 {[%emt 0:00:06]} 24. Qxc6 {[%emt 0:00:26]} Qxc6 {[%emt 0:00:18]} 25. Ne7+ {[%emt 0:00:00]} Kg7 {[%emt 0:00:30]} 26. Nxc6 {[%emt 0:00:21]} Rd1+ {[%emt 0:00:30]} 0-1

[Event "18th Izmir Open 2019"]
[Site "Izmir"]
[Date "2019.09.04"]
[Round "5.7"]
[White "Tutuncu, Ali"]
[Black "Isik, Alparslan"]
[Result "0-1"]
[WhiteElo "1763"]
[BlackElo "2200"]
[Annotator "NA"]
[PlyCount "98"]
[EventDate "2019.09.02"]
[EventType "swiss"]
[EventCountry "TUR"]
[SourceTitle "playchess.com"]
[Source "ChessBase"]
[SourceQuality "1"]
[TimeControl "5400+30"]

1. e4 {[%emt 0:00:30]} c5 {[%emt 0:00:30]} 2. Nc3 {[%emt 0:00:00]} Nc6 {[%emt 0:00:00]} 3. g3 {[%emt 0:00:00]} Rb8 {[%emt 0:00:00]} 4. Bg2 {[%emt 0:00:30]} b5 {[%emt 0:00:30]} 5. d3 {[%emt 0:00:30]} g6 {[%emt 0:00:00]} 6. Be3 {[%emt 0:01:30]} b4 {[%emt 0:00:00]} 7. Nce2 {[%emt 0:01:30]} Bg7 {[%emt 0:00:30]} 8. Qc1 {[%emt 0:08:30]} d6 {[%emt 0:00:30]} 9. f4 {[%emt 0:00:30]} e6 {[%emt 0:00:30]} 10. Nf3 {[%emt 0:01:30]} Nge7 {[%emt 0:00:30]} 11. O-O {[%emt 0:00:30]} O-O {[%emt 0:00:00]} 12. Nd2 {[%emt 0:19:30]} Bb7 {[%emt 0:04:00]} 13. h3 {[%emt 0:04:30]} Qd7 {[%emt 0:01:30]} 14. Nb3 {[%emt 0:02:30]} a5 {[%emt 0:06:30]} 15. e5 {[%emt 0:03:30]} Nf5 {[%emt 0:20:30]} 16. exd6 {[%emt 0:04:30]} c4 {[%emt 0:08:30]} 17. dxc4 {[%emt 0:08:30]} Bxb2 {[%emt 0:01:30]} 18. Qxb2 {[%emt 0:00:30]} Nxe3 {[%emt 0:00:30]} 19. Nc5 {[%emt 0:00:30]} Qc8 {[%emt 0:11:30]} 20. d7 {[%emt 0:13:30]} Qc7 {[%emt 0:00:00]} 21. Ne4 {[%emt 0:00:00]} e5 {[%emt 0:01:00]} 22. Nf6+ {[%emt 0:03:00]} Kg7 {[%emt 0:02:30]} 23. Nd5 {[%emt 0:03:30]} Nxd5 {[%emt 0:03:30]} 24. cxd5 {[%emt 0:01:30]} Nd4 {[%emt 0:03:30]} 25. Nxd4 {[%emt 0:06:51]} exd4 {[%emt 0:00:00]} 26. Qxd4+ {[%emt 0:00:57]} Kg8 {[%emt 0:00:00]} 27. Qa7 {[%emt 0:05:53]} Rfd8 {[%emt 0:03:30]} 28. d6 {[%emt 0:03:23]} Qxd7 {[%emt 0:00:30]} 29. Rfe1 {[%emt 0:00:04]} Bxg2 {[%emt 0:02:30]} 30. Qxd7 {[%emt 0:00:06]} Rxd7 {[%emt 0:00:30]} 31. Kxg2 {[%emt 0:00:07]} Rxd6 {[%emt 0:00:00]} 32. Rad1 {[%emt 0:01:41]} Rxd1 {[%emt 0:00:00]} 33. Rxd1 {[%emt 0:00:04]} Rc8 {[%emt 0:00:30]} 34. Rd2 {[%emt 0:00:10]} Rc3 {[%emt 0:00:00]} 35. g4 {[%emt 0:01:40]} Ra3 {[%emt 0:00:00]} 36. f5 {[%emt 0:00:07]} gxf5 {[%emt 0:00:30]} 37. gxf5 {[%emt 0:00:05]} Kg7 {[%emt 0:00:00]} 38. h4 {[%emt 0:02:42]} Rxa2 {[%emt 0:01:00]} 39. Rf2 {[%emt 0:02:15]} b3 {[%emt 0:00:30]} 40. cxb3 {[%emt 0:00:24]} Rxf2+ {[%emt 0:00:30]} 41. Kxf2 {[%emt 0:00:01]} Kf6 {[%emt 0:00:00]} 42. Kg3 {[%emt 0:01:26]} Kxf5 {[%emt 0:00:00]} 43. Kf3 {[%emt 0:00:09]} h5 {[%emt 0:00:00]} 44. Kg3 {[%emt 0:00:12]} Ke4 {[%emt 0:00:00]} 45. Kg2 {[%emt 0:00:07]} f5 {[%emt 0:00:00]} 46. Kf2 {[%emt 0:01:50]} Kf4 {[%emt 0:00:00]} 47. Ke2 {[%emt 0:00:28]} Kg3 {[%emt 0:00:00]} 48. Kf1 {[%emt 0:00:14]} f4 {[%emt 0:00:00]} 49. Kg1 {[%emt 0:00:05]} f3 {[%emt 0:00:30]} 0-1

[Event "18th Izmir Open 2019"]
[Site "Izmir"]
[Date "2019.09.04"]
[Round "5.8"]
[White "Yuksel, Davut Can"]
[Black "Yilmaz, Turhan"]
[Result "0-1"]
[WhiteElo "1757"]
[BlackElo "2180"]
[Annotator "NA"]
[PlyCount "64"]
[EventDate "2019.09.02"]
[EventType "swiss"]
[EventCountry "TUR"]
[SourceTitle "playchess.com"]
[Source "ChessBase"]
[SourceQuality "1"]
[TimeControl "5400+30"]

1. d4 {[%emt 0:00:30]} g6 {[%emt 0:10:30]} 2. Bf4 {[%emt 0:00:00]} Nf6 {[%emt 0:00:00]} 3. e3 {[%emt 0:00:00]} Bg7 {[%emt 0:02:00]} 4. Nf3 {[%emt 0:00:30]} O-O {[%emt 0:00:30]} 5. h3 {[%emt 0:00:30]} d6 {[%emt 0:00:00]} 6. Be2 {[%emt 0:00:30]} Nfd7 {[%emt 0:00:00]} 7. O-O {[%emt 0:02:30]} h6 {[%emt 0:05:30]} 8. c4 {[%emt 0:01:30]} e5 {[%emt 0:00:30]} 9. Bh2 {[%emt 0:00:00]} Nc6 {[%emt 0:00:30]} 10. Nc3 {[%emt 0:01:00]} f5 {[%emt 0:00:30]} 11. Rc1 {[%emt 0:01:30]} Kh8 {[%emt 0:02:30]} 12. a3 {[%emt 0:01:30]} g5 {[%emt 0:05:30]} 13. b4 {[%emt 0:03:30]} exd4 {[%emt 0:10:30]} 14. Nxd4 {[%emt 0:00:30]} Nxd4 {[%emt 0:02:30]} 15. exd4 {[%emt 0:00:30]} f4 {[%emt 0:00:30]} 16. c5 {[%emt 0:06:30]} a6 {[%emt 0:03:30]} 17. cxd6 {[%emt 0:08:30]} cxd6 {[%emt 0:01:30]} 18. Nd5 {[%emt 0:03:30]} Nb6 {[%emt 0:03:30]} 19. Nc7 {[%emt 0:01:30]} Rb8 {[%emt 0:00:30]} 20. d5 {[%emt 0:00:00]} Be5 {[%emt 0:04:30]} 21. Bg4 {[%emt 0:04:00]} Bxg4 {[%emt 0:01:30]} 22. Qxg4 {[%emt 0:00:30]} Qf6 {[%emt 0:01:30]} 23. Qe6 {[%emt 0:04:30]} Rbc8 {[%emt 0:03:30]} 24. f3 {[%emt 0:01:30]} Rf7 {[%emt 0:04:30]} 25. Qxf6+ {[%emt 0:08:30]} Bxf6 {[%emt 0:01:30]} 26. Ne6 {[%emt 0:00:30]} Rxc1 {[%emt 0:00:30]} 27. Rxc1 {[%emt 0:00:00]} Bb2 {[%emt 0:00:30]} 28. Rb1 {[%emt 0:02:00]} Bxa3 {[%emt 0:03:30]} 29. Nd4 {[%emt 0:01:30]} Rc7 {[%emt 0:00:00]} 30. Nf5 {[%emt 0:01:30]} Nxd5 {[%emt 0:04:00]} 31. Nxd6 {[%emt 0:00:30]} Bxb4 {[%emt 0:00:30]} 32. Ne4 {[%emt 0:00:30]} a5 {[%emt 0:00:30]} 0-1

[Event "18th Izmir Open 2019"]
[Site "Izmir"]
[Date "2019.09.04"]
[Round "5.9"]
[White "Demirbag, Alihan"]
[Black "Ayazmali, Gizem"]
[Result "1-0"]
[WhiteElo "2121"]
[BlackElo "1742"]
[Annotator "NA"]
[PlyCount "147"]
[EventDate "2019.09.02"]
[EventType "swiss"]
[EventCountry "TUR"]
[SourceTitle "playchess.com"]
[Source "ChessBase"]
[SourceQuality "1"]
[TimeControl "5400+30"]

1. e4 {[%emt 0:00:30]} d6 {[%emt 0:00:30]} 2. Nc3 {[%emt 0:00:00]} g6 {[%emt 0:00:00]} 3. g3 {[%emt 0:00:00]} Bg7 {[%emt 0:00:00]} 4. Bg2 {[%emt 0:00:30]} Nf6 {[%emt 0:00:30]} 5. d3 {[%emt 0:00:00]} c5 {[%emt 0:00:30]} 6. f4 {[%emt 0:01:00]} Nc6 {[%emt 0:01:30]} 7. Nf3 {[%emt 0:00:00]} O-O {[%emt 0:00:30]} 8. O-O {[%emt 0:00:00]} Rb8 {[%emt 0:02:30]} 9. h3 {[%emt 0:00:30]} b5 {[%emt 0:20:30]} 10. g4 {[%emt 0:00:30]} b4 {[%emt 0:02:30]} 11. Ne2 {[%emt 0:00:30]} a5 {[%emt 0:00:30]} 12. Ng3 {[%emt 0:00:30]} a4 {[%emt 0:02:30]} 13. Rb1 {[%emt 0:00:00]} Ba6 {[%emt 0:02:30]} 14. b3 {[%emt 0:01:00]} Nd7 {[%emt 0:04:30]} 15. g5 {[%emt 0:05:30]} Nd4 {[%emt 0:04:30]} 16. Nxd4 {[%emt 0:00:30]} Bxd4+ {[%emt 0:00:30]} 17. Kh1 {[%emt 0:00:00]} Bb7 {[%emt 0:06:30]} 18. Qe2 {[%emt 0:04:00]} d5 {[%emt 0:12:30]} 19. e5 {[%emt 0:01:30]} e6 {[%emt 0:00:30]} 20. Qg4 {[%emt 0:13:30]} Qe7 {[%emt 0:00:30]} 21. Ne2 {[%emt 0:10:30]} axb3 {[%emt 0:08:30]} 22. axb3 {[%emt 0:00:30]} Rfc8 {[%emt 0:03:30]} 23. Nxd4 {[%emt 0:05:30]} cxd4 {[%emt 0:00:00]} 24. Rf2 {[%emt 0:00:30]} Ra8 {[%emt 0:01:00]} 25. Bf3 {[%emt 0:01:30]} Ra2 {[%emt 0:00:30]} 26. Bd1 {[%emt 0:00:30]} Nc5 {[%emt 0:01:30]} 27. Bb2 {[%emt 0:04:30]} Ba6 {[%emt 0:01:30]} 28. Bxd4 {[%emt 0:01:30]} Qc7 {[%emt 0:06:01]} 29. Rh2 {[%emt 0:09:30]} Nxd3 {[%emt 0:07:16]} 30. cxd3 {[%emt 0:00:00]} Bxd3 {[%emt 0:00:18]} 31. Rxa2 {[%emt 0:01:00]} Bxb1 {[%emt 0:00:01]} 32. Rf2 {[%emt 0:06:30]} Qc1 {[%emt 0:02:23]} 33. Kh2 {[%emt 0:03:30]} Bf5 {[%emt 0:04:30]} 34. Qe2 {[%emt 0:02:30]} Qb1 {[%emt 0:01:20]} 35. Qd2 {[%emt 0:03:30]} Rc1 {[%emt 0:00:54]} 36. Bf3 {[%emt 0:00:30]} Rc2 {[%emt 0:01:18]} 37. Qxb4 {[%emt 0:02:30]} Rxf2+ {[%emt 0:00:18]} 38. Bxf2 {[%emt 0:00:30]} Qf1 {[%emt 0:00:07]} 39. Bc5 {[%emt 0:01:30]} Qxh3+ {[%emt 0:00:43]} 40. Kg1 {[%emt 0:00:00]} Qg3+ {[%emt 0:00:25]} 41. Bg2 {[%emt 0:00:00]} h5 {[%emt 0:01:48]} 42. Bf2 {[%emt 0:04:30]} Qg4 {[%emt 0:01:23]} 43. Kh2 {[%emt 0:02:35]} h4 {[%emt 0:00:30]} 44. Qd4 {[%emt 0:02:04]} h3 {[%emt 0:00:21]} 45. Bf1 {[%emt 0:00:30]} Be4 {[%emt 0:01:13]} 46. Qe3 {[%emt 0:01:07]} Bg2 {[%emt 0:00:49]} 47. Be2 {[%emt 0:01:50]} Qf5 {[%emt 0:00:01]} 48. Kg3 {[%emt 0:02:43]} Qb1 {[%emt 0:00:31]} 49. Bg4 {[%emt 0:02:53]} Qh1 {[%emt 0:00:51]} 50. Bg1 {[%emt 0:00:45]} d4 {[%emt 0:00:49]} 51. Qxd4 {[%emt 0:00:26]} Bd5 {[%emt 0:00:37]} 52. Qf2 {[%emt 0:01:52]} Qe4 {[%emt 0:00:22]} 53. Bxh3 {[%emt 0:02:09]} Bxb3 {[%emt 0:00:21]} 54. Qe3 {[%emt 0:00:52]} Qb1 {[%emt 0:00:10]} 55. Bg2 {[%emt 0:00:27]} Bc4 {[%emt 0:00:32]} 56. Bf2 {[%emt 0:00:09]} Qa2 {[%emt 0:00:41]} 57. Qc3 {[%emt 0:00:52]} Qe2 {[%emt 0:00:23]} 58. Bf3 {[%emt 0:01:12]} Qf1 {[%emt 0:00:27]} 59. Qd4 {[%emt 0:01:31]} Bd3 {[%emt 0:00:44]} 60. Qd8+ {[%emt 0:01:58]} Kg7 {[%emt 0:00:13]} 61. Qf6+ {[%emt 0:01:05]} Kg8 {[%emt 0:00:06]} 62. Qd8+ {[%emt 0:00:05]} Kg7 {[%emt 0:00:04]} 63. Bg2 {[%emt 0:00:41]} Qe2 {[%emt 0:00:47]} 64. Qf6+ {[%emt 0:00:04]} Kg8 {[%emt 0:00:02]} 65. Qd8+ {[%emt 0:00:06]} Kg7 {[%emt 0:00:03]} 66. Qa8 {[%emt 0:01:18]} Qc2 {[%emt 0:02:10]} 67. Qc6 {[%emt 0:00:33]} Qe2 {[%emt 0:00:10]} 68. Qc1 {[%emt 0:00:44]} Bc4 {[%emt 0:00:21]} 69. Bc5 {[%emt 0:01:06]} Qd3+ {[%emt 0:01:16]} 70. Qe3 {[%emt 0:00:05]} Qc2 {[%emt 0:00:33]} 71. Be7 {[%emt 0:00:39]} Qa2 {[%emt 0:00:34]} 72. Bf6+ {[%emt 0:00:11]} Kh7 {[%emt 0:00:07]} 73. Kh2 {[%emt 0:00:20]} Qb3 {[%emt 0:00:21]} 74. Qa7 {[%emt 0:00:37]} 1-0

[Event "18th Izmir Open 2019"]
[Site "Izmir"]
[Date "2019.09.05"]
[Round "6.1"]
[White "Koksal, Ege"]
[Black "Kamer, Kayra"]
[Result "1/2-1/2"]
[WhiteElo "2375"]
[BlackElo "2304"]
[Annotator "TA"]
[PlyCount "140"]
[EventDate "2019.09.02"]
[EventType "swiss"]
[EventCountry "TUR"]
[SourceTitle "playchess.com"]
[Source "ChessBase"]
[SourceQuality "1"]

{[%evp 23,140,34,31,33,31,13,21,12,32,16,16,21,24,24,33,25,75,23,20,20,23,26,30,0,0,0,0,0,0,0,0,0,14,14,14,14,8,12,13,10,19,19,21,11,16,10,9,8,17,9,9,16,22,22,22,21,25,21,27,25,26,8,8,0,21,25,26,25,25,0,0,0,25,0,0,0,0,0,2,1,2,2,4,4,8,8,8,8,8,0,0,0,0,0,0,0,0,0,0,0,0,0,0,0,0,0,0,0,0,0,0,0,0,0,0,0,0,0,0]} 1. d4 Nf6 2. c4 g6 3. Nc3 Bg7 4. e4 d6 5. f3 O-O 6. Be3 c5 7. Nge2 Nc6 8. d5 Ne5 9. Ng3 e6 10. Be2 exd5 11. cxd5 a6 12. a4 Bd7 13. O-O {A65: Modern Benoni: 6 e4} (13. h3 b5 14. f4 Nc4 15. Bxc4 bxc4 16. O-O Rb8 17. e5 Ne8 18. Qe2 dxe5 19. Bxc5 exf4 20. Bxf8 Qb6+ {1-0 (45) Goganov,A (2643)-Kovalev,V (2603) Khanty-Mansiysk 2016}) 13... b5 14. h3 Ne8 15. axb5 $146 ({Predecessor:} 15. f4 Nc4 16. Bxc4 bxc4 17. e5 dxe5 18. Bxc5 Nd6 19. Qe2 exf4 20. Nge4 Nxe4 21. Qxe4 Rb8 22. Qxf4 Rxb2 23. Bxf8 Qxf8 24. Qxc4 Qe7 25. Kh1 Qg5 26. Ne2 Bf5 27. Ra3 Be5 {½-½ (27) Pellegrinon,F (2257)-Fasano,D (2246) ICCF email 2012}) 15... axb5 16. Rxa8 Qxa8 17. f4 Nc4 18. Bxc4 bxc4 19. e5 Qa5 20. Nce4 (20. Qa1 $16 Qb4 21. Nge4) 20... f5 $11 21. exf6 $1 Nxf6 22. Nxd6 Qb4 23. Qd2 Qxd2 24. Bxd2 Nxd5 25. Nxc4 Rb8 26. Kh2 Bb5 27. b3 Nb6 28. Be3 Nxc4 29. bxc4 Bxc4 30. Rc1 Ba6 {White must now prevent ...c4.} 31. Rxc5 Rb2 32. Rc7 {[#] Threatens to win with Rxg7+!} Ra2 33. h4 Ra3 34. Bc1 Ra4 35. h5 Bh6 36. hxg6 hxg6 37. Rc6 Kg7 38. Bb2+ Kf7 39. Be5 {Strongly threatening Rf6+.} Bd3 40. Rd6 Bb5 41. Rb6 Bd3 42. Rb3 Ba6 43. Rb6 {And now Rf6+ would win.} Bd3 44. Rf6+ Ke7 45. Rd6 Bb5 46. Rf6 Bd3 47. Rd6 Bb5 48. Nh5 (48. Rb6 {is more complex.} Bd3 49. Rb3 Bc2 50. Rc3 Bb1 51. Re3) 48... Ra6 {The position is equal.} 49. Rxa6 Bxa6 {[%mdl 4096] Endgame KBB-KBN} 50. Ng3 Bd3 51. Nh1 Ke6 52. Nf2 Be2 53. Ne4 g5 54. fxg5 Bxg5 55. Nxg5+ Kxe5 56. Nf3+ Bxf3 57. gxf3 {KP-K} Kf4 58. Kg2 Kf5 59. Kg3 $1 Kg5 60. f4+ Kf5 61. Kf3 Kf6 62. Ke4 Ke6 63. f5+ Kf6 64. Kf4 Kf7 65. Kg5 Kg7 66. f6+ $1 Kf7 67. Kf5 Kf8 68. Kg4 Kf7 69. Kg5 Kf8 70. Kg6 {[#] Intending f7 and mate.} Kg8 {Accuracy: White = 71%, Black = 67%.} 1/2-1/2